MARC

Tag First Indicator Second Indicator Subfields
LEADER 00000cam a2200000 i 4500
001 in00004635956
006 m o d
007 cr |||||||||||
008 210903s2021 gau ob s001 0 eng d
005 20230103223601.6
035 |a (OCoLC)on1266868554 
040 |a GUA  |b eng  |e rda  |e pn  |c GUA  |d OCLCO  |d GUA  |d OCLCF  |d JSTOR  |d OCLCO 
020 |a 9780820359182  |q (eBook) 
020 |a 0820359181  |q (eBook) 
020 |z 9780820359205  |q (Hardcover) 
020 |z 9780820359199  |q (Paperback) 
035 |a (OCoLC)1266868554 
037 |a 22573/ctv21c29hv  |b JSTOR 
043 |a n-us-ga 
050 4 |a F281  |b .C71 vol. 20 
072 7 |a HIS  |x 036020  |2 bisacsh 
072 7 |a HIS  |x 036120  |2 bisacsh 
072 7 |a POL  |x 020000  |2 bisacsh 
082 0 4 |a 975.8/02  |2 19 
049 |a TXAM 
245 0 0 |a Original papers, correspondence to the trustees, James Oglethorpe, and others, 1732-1735 /  |c edited by Kenneth Coleman and Milton Ready ; with a new foreword by Julie Anne Sweet ; sponsored by the Georgia Commission for the National Bicentennial Celebration and the Georgia Department of Archives and History. 
264 1 |a Athens :  |b The University of Georgia Press,  |c 2021. 
300 |a 1 online resource (xvi, 520 pages) 
336 |a text  |b txt  |2 rdacontent 
337 |a computer  |b c  |2 rdamedia 
338 |a online resource  |b cr  |2 rdacarrier 
490 1 |a The Colonial records of the state of Georgia ;  |v v. 20 
504 |a Includes bibliographical references and index. 
500 |a "Copies made from original records in England and compiled under authority of Allen D. Candler, 1902"--title page. 
536 |a The Georgia Open History Library has been made possible in part by a major grant from the National Endowment for the Humanities: Democracy demands wisdom. Any views, findings, conclusions, or recommendations expressed in this collection, do not necessarily represent those of the National Endowment for the Humanities. 
588 |a Description based on online resource, title from PDF title page (viewed June 29, 2021) 
600 1 0 |a Oglethorpe, James,  |d 1696-1785. 
600 1 7 |a Oglethorpe, James,  |d 1696-1785.  |2 fast  |0 (OCoLC)fst00011475 
651 0 |a Georgia  |x History  |y Colonial period, ca. 1600-1775  |x Sources. 
651 6 |a Géorgie (État)  |x Histoire  |y ca 1600-1775 (Période coloniale)  |x Sources. 
650 7 |a HISTORY / United States / Colonial Period (1600-1775)  |2 bisacsh 
651 7 |a Georgia.  |2 fast  |0 (OCoLC)fst01204622 
648 7 |a 1600-1775  |2 fast 
655 7 |a Electronic books.  |2 local 
655 7 |a History.  |2 fast  |0 (OCoLC)fst01411628 
655 7 |a Sources.  |2 fast  |0 (OCoLC)fst01423900 
700 1 |a Sweet, Julie Anne,  |d 1970-  |e author of foreword. 
700 1 |a Coleman, Kenneth,  |e editor. 
700 1 |a Ready, Milton,  |d 1938-  |e editor. 
710 2 |a JSTOR (Organization) 
710 2 |a Georgia Commission for the National Bicentennial Celebration. 
710 1 |a Georgia.  |b Department of Archives and History. 
830 0 |a Colonial records of the state of Georgia ;  |v v. 20. 
856 4 0 |u https://www.jstor.org/stable/10.2307/j.ctv21d63rs  |z Connect to the full text of this electronic book  |t 0 
955 |a JSTOR Open Access ebooks 
994 |a 92  |b TXA 
999 f f |s 46b683d5-24c1-4ffc-95b2-77e28151ea7e  |i 4b200e46-d96f-4dbd-968a-a65d0c636ff3  |t 0 
952 f f |a Texas A&M University  |b College Station  |c Electronic Resources  |d Available Online  |t 0  |e F281 .C71 vol. 20  |h Library of Congress classification 
998 f f |a F281 .C71 vol. 20  |t 0  |l Available Online